| 000 | 03152cam a2200385 i 4500 | ||
|---|---|---|---|
| 001 | bcotR000268 | ||
| 005 | 20210215102209.0 | ||
| 006 | m u | ||
| 007 | cr cn ---uuuuu | ||
| 008 | 180724s2015 wau o 000 0 eng d | ||
| 035 | _a(OCoLC)1048403845 | ||
| 037 |
_bBCOpenCampus _cCostFree _fFormOnline _gAccessOpen |
||
| 040 |
_aCaBSKC _beng _erda _cCaBSKC |
||
| 050 | 4 |
_aB52 _b.P39 2015eb |
|
| 100 | 1 |
_aPayne, W. Russ, _eauthor. |
|
| 245 | 1 | 3 |
_aAn introduction to philosophy / _cW. Russ Payne. |
| 264 | 1 | _bBellevue College, | |
| 264 | 2 | _bBCcampus, BC Open Textbook Project | |
| 300 | _a1 online resource (130 pages) | ||
| 500 | _aThis bibliographic record is available under the Creative Commons CC0 "No Rights Reserved" license. | ||
| 500 | _aThis work is licensed under the Creative Commons Attribution-NonCommercial-ShareAlike License. | ||
| 520 | _a"The goal of this text is to present philosophy to newcomers as a living discipline with historical roots. While a few early chapters are historically organized, the goal in the historical chapters is to trace a developmental progression of thought that introduces basic philosophical methods and frames issues that remain relevant today. Later chapters are topically organized. These include philosophy of science and philosophy of mind, areas where philosophy has shown dramatic recent progress. This text concludes with four chapters on ethics, broadly construed. Traditional theories of right action is covered in a third of these. Students are first invited first to think about what is good for themselves and their relationships in a chapter of love and happiness. Next a few meta-ethical issues are considered; namely, whether they are moral truths and if so what makes them so. The end of the ethics sequence addresses social justice, what it is for one's community to be good. Our sphere of concern expands progressively through these chapters. Our inquiry recapitulates the course of development into moral maturity. Over the course of the text, the author has tried to outline the continuity of thought that leads from the historical roots of philosophy to a few of the diverse areas of inquiry that continue to make significant contributions to our understanding of ourselves and the world we live in."--BC Campus website. | ||
| 588 | _aDescription based on online resource; title from PDF title page (viewed on July 23, 2018). | ||
| 650 | 0 |
_aPhilosophy _vTextbooks. |
|
| 655 | 0 | _aElectronic books. | |
| 710 | 2 |
_aBellevue College (Bellevue, Wash.), _eissuing body. |
|
| 710 | 2 |
_aBC Open Textbook Project, _edistributor. |
|
| 710 | 2 | _aBCcampus. | |
| 856 | 4 | 0 |
_3BC Open Textbook Project title homepage. _uhttps://open.bccampus.ca/find-open-textbooks/?uuid=24d4160c-c8b2-4f3b-9d5c-7203c92b790b&contributor=&keyword=&subject= |
| 856 | 4 | 0 |
_3BC Open Textbook Project. _uhttp://solr.bccampus.ca:8001/bcc/file/24d4160c-c8b2-4f3b-9d5c-7203c92b790b/1/IntroductionToPhilosophy.pdf |
| 999 |
_c28406 _d28406 |
||